<?xml version="1.0" encoding="UTF-8"?>
<record
    xmlns:xsi="http://www.w3.org/2001/XMLSchema-instance"
    xsi:schemaLocation="http://www.loc.gov/MARC21/slim http://www.loc.gov/standards/marcxml/schema/MARC21slim.xsd"
    xmlns="http://www.loc.gov/MARC21/slim">

  <leader>01405nam a22002777a 4500</leader>
  <controlfield tag="005">20170124103205.0</controlfield>
  <datafield tag="010" ind1=" " ind2=" ">
    <subfield code="a">B-076981</subfield>
  </datafield>
  <datafield tag="020" ind1=" " ind2=" ">
    <subfield code="c">295.00</subfield>
    <subfield code="a">8171942776</subfield>
  </datafield>
  <datafield tag="035" ind1=" " ind2=" ">
    <subfield code="a">B-076981</subfield>
  </datafield>
  <datafield tag="037" ind1=" " ind2=" ">
    <subfield code="b">Cen Lib/Ret</subfield>
  </datafield>
  <datafield tag="040" ind1=" " ind2=" ">
    <subfield code="a">DPL</subfield>
    <subfield code="b">HN</subfield>
  </datafield>
  <datafield tag="082" ind1=" " ind2=" ">
    <subfield code="a">343.54052</subfield>
    <subfield code="b">&#x938;&#x93F;&#x902;&#x918;&#x93E;&#x928;&#x93F;</subfield>
  </datafield>
  <datafield tag="100" ind1=" " ind2=" ">
    <subfield code="a">&#x938;&#x93F;&#x902;&#x918;&#x93E;&#x928;&#x93F;&#x92F;&#x93E;, &#x935;&#x93F;&#x928;&#x94B;&#x926; &#x915;&#x947;.</subfield>
    <subfield code="9">93490</subfield>
  </datafield>
  <datafield tag="245" ind1=" " ind2=" ">
    <subfield code="a">&#x938;&#x94D;&#x91F;&#x942;&#x921;&#x947;&#x902;&#x91F;&#x94D;&#x938; &#x917;&#x93E;&#x907;&#x921; &#x91F;&#x942; &#x907;&#x928;&#x94D;&#x915;&#x92E; &#x91F;&#x948;&#x915;&#x94D;&#x938; /</subfield>
    <subfield code="c">&#x935;&#x93F;&#x928;&#x94B;&#x926; &#x915;&#x947;.&#x938;&#x93F;&#x902;&#x918;&#x93E;&#x928;&#x93F;&#x92F;&#x93E; [&#x914;&#x930;] &#x915;&#x92A;&#x93F;&#x932; &#x938;&#x93F;&#x902;&#x918;&#x93E;&#x928;&#x93F;&#x92F;&#x93E; </subfield>
  </datafield>
  <datafield tag="246" ind1=" " ind2=" ">
    <subfield code="a">Students guide to income tax /</subfield>
    <subfield code="b">by Vinod Singhaniya [aur] Kapil Singhaniya </subfield>
  </datafield>
  <datafield tag="250" ind1=" " ind2=" ">
    <subfield code="a">&#x92A;&#x902;&#x926;&#x94D;&#x930;&#x939;&#x935;&#x93E;&#x901; &#x938;&#x902;&#x938;&#x94D;&#x915;&#x930;&#x923; </subfield>
  </datafield>
  <datafield tag="260" ind1=" " ind2=" ">
    <subfield code="a">&#x928;&#x908; &#x926;&#x93F;&#x932;&#x94D;&#x932;&#x940; </subfield>
    <subfield code="b">&#x91F;&#x948;&#x915;&#x94D;&#x938;&#x92E;&#x948;&#x928; &#x92A;&#x92C;&#x94D;&#x932;&#x93F;&#x915;&#x947;&#x936;&#x928;</subfield>
    <subfield code="c">2002</subfield>
  </datafield>
  <datafield tag="270" ind1=" " ind2=" ">
    <subfield code="b">&#x928;&#x908; &#x926;&#x93F;&#x932;&#x94D;&#x932;&#x940; </subfield>
    <subfield code="a">59/32, &#x928;&#x94D;&#x92F;&#x942; &#x930;&#x94B;&#x939;&#x924;&#x915; &#x930;&#x94B;&#x921; </subfield>
    <subfield code="e">110005</subfield>
  </datafield>
  <datafield tag="300" ind1=" " ind2=" ">
    <subfield code="a">&#x92D;&#x93F;&#x928;&#x94D;&#x928; &#x92A;&#x943;&#x937;&#x94D;&#x920; </subfield>
    <subfield code="c">23&#x938;&#x947;&#x92E;&#x940;(&#x938;&#x91C;&#x93F;&#x932;&#x94D;&#x926;)</subfield>
  </datafield>
  <datafield tag="650" ind1=" " ind2=" ">
    <subfield code="a">&#x915;&#x930; -- &#x928;&#x93F;&#x930;&#x94D;&#x927;&#x93E;&#x930;&#x923; </subfield>
    <subfield code="9">47089</subfield>
  </datafield>
  <datafield tag="650" ind1=" " ind2=" ">
    <subfield code="a">&#x906;&#x92F; &#x91C;&#x93F;&#x928;&#x94D;&#x939;&#x947;&#x902; &#x915;&#x930; &#x938;&#x947; &#x91B;&#x942;&#x91F; &#x92A;&#x94D;&#x930;&#x93E;&#x92A;&#x94D;&#x924; &#x939;&#x948; </subfield>
    <subfield code="9">93491</subfield>
  </datafield>
  <datafield tag="650" ind1=" " ind2=" ">
    <subfield code="a">Tax determination</subfield>
    <subfield code="9">93492</subfield>
  </datafield>
  <datafield tag="650" ind1=" " ind2=" ">
    <subfield code="a">Which is exempt from income tax</subfield>
    <subfield code="9">93493</subfield>
  </datafield>
  <datafield tag="700" ind1=" " ind2=" ">
    <subfield code="a">&#x938;&#x93F;&#x902;&#x918;&#x93E;&#x928;&#x93F;&#x92F;&#x93E;, &#x915;&#x92A;&#x93F;&#x932; </subfield>
    <subfield code="9">118400</subfield>
  </datafield>
  <datafield tag="942" ind1=" " ind2=" ">
    <subfield code="2">ddc</subfield>
    <subfield code="c">HN</subfield>
    <subfield code="h">343.54052</subfield>
    <subfield code="m">&#x938;&#x93F;&#x902;&#x918;&#x93E;&#x928;&#x93F;</subfield>
  </datafield>
  <datafield tag="999" ind1=" " ind2=" ">
    <subfield code="c">120941</subfield>
    <subfield code="d">120941</subfield>
  </datafield>
  <datafield tag="952" ind1=" " ind2=" ">
    <subfield code="0">0</subfield>
    <subfield code="1">0</subfield>
    <subfield code="4">0</subfield>
    <subfield code="7">0</subfield>
    <subfield code="a">L</subfield>
    <subfield code="b">L</subfield>
    <subfield code="d">2015-09-29</subfield>
    <subfield code="e">Cen Lib/Ret</subfield>
    <subfield code="g">295.00</subfield>
    <subfield code="l">0</subfield>
    <subfield code="o">343.54052 &#x938;&#x93F;&#x902;&#x918;&#x93E;&#x928;&#x93F;</subfield>
    <subfield code="p">B-076981</subfield>
    <subfield code="r">2015-09-29 00:00:00</subfield>
    <subfield code="t">1</subfield>
    <subfield code="v">295.00</subfield>
    <subfield code="w">2016-09-15</subfield>
    <subfield code="y">HN</subfield>
  </datafield>
</record>
